Statistics for Largest Alliterative Cities in the United States

Click here to take the quiz!

General Stats

  • This quiz has been taken 45 times
  • The average score is 23 of 35

Answer Stats

CityState% Correct
AnchorageAlaska
100%
HonoluluHawaii
100%
IndianapolisIndiana
100%
MinneapolisMinnesota
100%
NewarkNew Jersey
100%
New YorkNew York
100%
Oklahoma CityOklahoma
100%
PhiladelphiaPennsylvania
100%
PittsburghPennsylvania
100%
Colorado SpringsColorado
97%
Kansas CityKansas
97%
DoverDelaware
95%
Virginia BeachVirginia
95%
Sioux FallsSouth Dakota
89%
Fort LauderdaleFlorida
78%
LafayetteLouisiana
78%
Iowa CityIowa
73%
North Las VegasNevada
70%
MissoulaMontana
62%
Chula VistaCalifornia
59%
AuburnAlabama
54%
TylerTexas
43%
Lake CharlesLouisiana
41%
NashuaNew Hampshire
41%
WheelingWest Virginia
41%
CarlsbadCalifornia
32%
Fort MyersFlorida
32%
ConcordCalifornia
30%
CentennialColorado
27%
CoronaCalifornia
27%
MeridianMississippi
27%
Costa MesaCalifornia
24%
WaukeshaWisconsin
22%
ChicoCalifornia
19%
ClovisCalifornia
11%

Score Distribution

Percentile by Number Answered

Percent of People with Each Score

Your Score History

You have not taken this quiz